| 000 | 00491nam a2200157Ia 4500 | ||
|---|---|---|---|
| 008 | 100122s9999 xx 000 0 und d | ||
| 082 |
_b36239 _a821 |
||
| 100 | _aकालिदास | ||
| 245 | _aमेघदूत (क.क्र. 16/2 ) | ||
| 250 | _a0 | ||
| 260 |
_bगोपाल नारायण आणि कंपनी _c1905 |
||
| 300 | _a118 | ||
| 630 | _aमेघदूत (क.क्र. 16/2 ) | ||
| 730 | _aमेघदूत (क.क्र. 16/2 ) | ||
| 942 | _cBOOK | ||
| 999 |
_c383381 _d383378 |
||